|
|
|
|
| LEADER |
00000nab a2200000ua 4500 |
| 001 |
vtls010757311 |
| 003 |
SK-MaSNL |
| 005 |
20260304202125.0 |
| 008 |
250718s2012 xo |||||||||||||||||slo| |
| 035 |
|
|
|a (urnnbn)urn:nbn:sk:snk:ar-a01935
|
| 035 |
|
|
|a (uuid)dfe84555-0c9f-4393-b5a4-ea9c23d44569
|
| 035 |
|
|
|a urn:nbn:sk:snk-ab4dmm
|
| 040 |
|
|
|a SNKBUCL
|b slo
|c SNKBUCL
|e AACR2
|
| 041 |
0 |
|
|a hun
|
| 044 |
|
|
|a xo
|c SK
|
| 100 |
1 |
|
|a NYERGES GÁBOR ÁDÁM
|4 aut
|9 1534069
|
| 245 |
1 |
0 |
|a Megragad mélyén
|c Nyerges Gábor Ádám
|
| 773 |
0 |
|
|t Kalligram : művészet és gondolat
|g Roč. 21, č. 11 (2012), s. 27
|
| 850 |
|
|
|a Slovenská národná knižnica
|
| 852 |
|
|
|a Slovenská národná knižnica
|
| 958 |
|
|
|a article3
|
| 958 |
|
|
|a OND
|
| 999 |
|
|
|c 3100717
|d 3102647
|